000 01016nam a2200193 a 4500
001 52253
005 20180714042028.0
008 140415s1991 xxu 000 0 eng d
020 _a0070629331
041 _aeng
082 _a660.2842
_bTAT
100 1 _aTATTERSON, GARY B.
245 1 0 _aFLUID MIXING AND GAS DISPERSION IN AGITATED TANKS
250 _a1a ed.
260 _aESTADOS UNIDOS DE AMERICA :
_bMCGRAW-HILL INC.,
_c1991
300 _a932
_c15.7 x 2.7 x 23.5
520 _aMIXING IN AGITATED TANKS IS PART OF THE INFRASTRUCTURE OF THE CHEMICAL, PETROCHEMICAL, AND BIOCHEMICAL INDUSTRIES. PRACTICALLY EVERY PLANT WILL CONTAIN SOME SORT OF TANK MIXING PROCESS. UNFORTUNATELY, SUCH MIXING IS BASED UPON FUID MACHANICS THAT ARE NOT TAUGHT IN UNDERGRADUATE AND GRADUATE FLUID MECHANICS COURSES, AND, AS SUCH, A FUNDAMENTAL UNDERSTANDING OF TANK MIXING BY PLANT PERSONNEL IS SELDOM OBTAINED. THE GENERAL TOPIC OF MIXING IN AGITATED TANKS SOULD BE PROPERLY DEVELOPED IN
650 1 4 _aLIQUIDOS
999 _c52253
_d52253